Education in Japan / (Record no. 69802)

MARC details
000 -LEADER
fixed length control field 00854cam a22002411a 4500
001 - CONTROL NUMBER
control field sa 66005093
003 - CONTROL NUMBER IDENTIFIER
control field DLC
005 - DATE AND TIME OF LATEST TRANSACTION
control field 20260227112247.0
008 - FIXED-LENGTH DATA ELEMENTS--GENERAL INFORMATION
fixed length control field 810130s1965 ii abc 000 0 eng
010 ## - LIBRARY OF CONGRESS CONTROL NUMBER
LC control number sa 66005093
035 ## - SYSTEM CONTROL NUMBER
System control number (OCoLC)7093608
040 ## - CATALOGING SOURCE
Original cataloging agency DLC
Transcribing agency IU
Modifying agency DLC
042 ## - AUTHENTICATION CODE
Authentication code premarc
043 ## - GEOGRAPHIC AREA CODE
Geographic area code a-ja---
050 00 - LIBRARY OF CONGRESS CALL NUMBER
Classification number LA1311.82
Item number .N38
100 1# - MAIN ENTRY--PERSONAL NAME
Personal name Nayar, D. P.,
Dates associated with a name 1918-
245 10 - TITLE STATEMENT
Title Education in Japan /
Remainder of title D.P. Nayar.
260 ## - PUBLICATION, DISTRIBUTION, ETC.
Place of publication, distribution, etc. New Delhi :
Name of publisher, distributor, etc. National Council of Educational Research & Training,
Date of publication, distribution, etc. 1965.
300 ## - PHYSICAL DESCRIPTION
Extent vi, 31 p., :
Other physical details ill. (part col.) map, ports. ;
Dimensions 24 cm.
490 1# - SERIES STATEMENT
Series statement Comparative education series / National Council of Educational Research and Training ;
Volume/sequential designation 1
650 #0 - SUBJECT ADDED ENTRY--TOPICAL TERM
Topical term or geographic name entry element Education
Geographic subdivision Japan
General subdivision History
Chronological subdivision 1945-
830 #0 - SERIES ADDED ENTRY--UNIFORM TITLE
Uniform title Comparative education series (National Council of Educational Research and Training) ;
Volume/sequential designation 1.

No items available.

Powered by Koha